书目信息 |
| 题名: |
外科治疗手册
|
|
| 作者: | 康登 , Condon , 尼许斯 , Nyhus 著 ;孙衍庆 译 | |
| 分册: | ||
| 出版信息: | 北京 人民卫生出版社 1982 |
|
| 页数: | 512页 | |
| 开本: | 19cm | |
| 丛书名: | ||
| 单 册: | ||
| 中图分类: | R605 , R605-62 | |
| 科图分类: | ||
| 主题词: | 外科学:治疗学--手册 , 治疗学:外科学--手册 , 外科学 | |
| 电子资源: | ||
| ISBN: | ||
| 000 | 01096nam0 2200361 45 | |
| 001 | 0182010321 | |
| 005 | 20040927082449.3 | |
| 010 | @dCNY1.70 | |
| 091 | @a14048.4219 | |
| 100 | @a19950601d1982 em y0chiy0121 ea | |
| 101 | 1 | @achi@ceng |
| 102 | @aCN@b110000 | |
| 105 | @ay z 000yy | |
| 106 | @ar | |
| 200 | 10 | @a外科治疗手册@Awai ke zhi liao shou ce@f(美)R.E.康登著,(美)L.M.尼赫斯著@F(Mei)R.E.Kang Deng Zhu,(Mei)L.M.Ni He Si Zhu@g孙衍庆等译 |
| 210 | @a北京@c人民卫生出版社@d1982 | |
| 215 | @a512页@d19cm | |
| 300 | @a书名原文:Manual of Surgical Therapeutics | |
| 304 | @aL.M.尼赫斯通译尼许斯 | |
| 510 | 1 | @aManual of Surgical Therapeutics@zeng |
| 606 | @a外科学:治疗学@x手册 | |
| 606 | @a治疗学:外科学@x手册 | |
| 606 | 0 | @a外科学 |
| 690 | @aR605@v3 | |
| 690 | @aR605-62@v3 | |
| 701 | 1 | @a康登@Akang deng@bR.E.@4著 |
| 701 | A1 | @aCondon@bR.E.@4著 |
| 701 | 1 | @a尼许斯@Ani xv si@bL.M.@4著 |
| 701 | A1 | @aNyhus@bL.M.@4著 |
| 702 | 0 | @a孙衍庆@Asun yan qing@4译 |
| 801 | 0 | @aCN@b上海图书馆@c20040521 |
| 801 | 2 | @aCN@bNLC@c20040521 |
| 905 | @dR605-62@e17@f1@b175526 | |
| 外科治疗手册/(美)R.E.康登著,(美)L.M.尼赫斯著/孙衍庆等译.-北京:人民卫生出版社,1982 |
| 512页;19cm |
| 书名原文:Manual of Surgical Therapeutics |
| ISBN :CNY1.70 |
| ● |
| 相关链接 |
|
|
|
|
正题名:外科治疗手册
索取号:R605-62/17
 
预约/预借
| 序号 | 登录号 | 条形码 | 馆藏地/架位号 | 状态 | 备注 |
| 1 | 0175525 | 000715275 | 第三借阅区/ [索取号:R605-62/17] | 在馆 | |
| 2 | 0175526 | 000557659 | 密集书库/ [索取号:R605-62/17] | 在馆 | |
| 3 | 0175527 | 000715266 | 第二样本阅览室/ [索取号:R605-62/17] | 在馆 |